Loading...
| Current Events | 3 | 13.33 | 100% | 33% | 0% |
| Fine Arts - Classical Music | 3 | 16.67 | 100% | 67% | 0% |
| Fine Arts - Other | 6 | 11.67 | 83% | 33% | 0% |
| Fine Arts - Painting and Sculpture | 3 | 10.00 | 67% | 33% | 0% |
| Geography | 3 | 26.67 | 100% | 67% | 100% |
| History - American | 4 | 15.00 | 100% | 50% | 0% |
| History - European | 3 | 13.33 | 100% | 33% | 0% |
| History - Other | 4 | 15.00 | 100% | 50% | 0% |
| History - World | 4 | 17.50 | 100% | 50% | 25% |
| Literature - Drama | 4 | 15.00 | 100% | 50% | 0% |
| Literature - Long Fiction | 6 | 8.33 | 83% | 0% | 0% |
| Literature - Poetry | 2 | 15.00 | 100% | 50% | 0% |
| Literature - Short Fiction | 1 | 0.00 | 0% | 0% | 0% |
| Mythology | 1 | 10.00 | 100% | 0% | 0% |
| Other Academic | 6 | 15.00 | 100% | 50% | 0% |
| Philosophy | 3 | 10.00 | 100% | 0% | 0% |
| Religion | 3 | 6.67 | 67% | 0% | 0% |
| Science - Biology | 5 | 16.00 | 100% | 60% | 0% |
| Science - Chemistry | 2 | 10.00 | 100% | 0% | 0% |
| Science - Other | 3 | 10.00 | 67% | 33% | 0% |
| Science - Physics | 2 | 5.00 | 50% | 0% | 0% |
| Short Fiction and Other | 2 | 20.00 | 100% | 50% | 50% |
| Social Science | 5 | 8.00 | 80% | 0% | 0% |